000 00931nam a2200277Ia 4500
005 20251020182450.0
008 200515s9999 xx 000 0 und d
020 _a968-18-0054-0
082 _a621.131/R53/T.1
100 _aDel Castillo, Hermilo
100 _aRico Rodriguez, Alfonso
245 0 _aLa Ingeniería de Suelos en las Vías Terrestres : Carreteras, ferrocarriles y Aeropistas. Volumen I
250 _a10a ed.
260 _aMéxico, D.F.
260 _bLIMUSA ; NORIEGA EDITORES
260 _c1993
300 _a459 p.
300 _bil., tbl., graf.
500 _a1 ejemplar. Volumen 1
520 _aTécnicas de aplicación de la mecánica de suelos al terreno de cimentación de la vía terrestre y a problemas de compactación de suelos, empuje de tierras y estabilidad de taludes.
650 _aCIMENTACIONES
650 _aMECANICA DE SUELOS
650 _aSUELOS
942 _cLIB
999 _c828
_d828